000 00619nam a2200193 a 4500
001 000017137
005 20200929165030.0
008 100318s1944 dr 000 p spa d
040 _aDO-SdBNP
_bspa
_cBNPHU
082 _a861.44
_bP348c
100 1 _aPaz y Mateos, Alberto de,
_d1915-1967.
_937738
245 1 0 _aCanto en cinco variaciones /
_cAlberto de Paz y Mateos.
260 _a[Santo Domingo] :
_bEdiciones Saudade,
_c1944.
300 _a34 p. ;
_c19 cm.
590 _aInventariado, 2018/LP
650 4 _aPoesía española
_9631
650 4 _aLiteratura española
_9632
910 _aValidado. Control de calidad MFF
999 _c16663
_d16663